Wine Bottle Sizes Quiz Stats

 Plays Quiz Updated Feb 12, 2020

Support Sporcle.
Go Orange.
Score 0/16 Timer 05:00
0 Plays Today
Size Bottle Name % Correct
1.5 LMagnum
73.6%
750 mlBottle
69.6%
375 mlDemi
54.8%
187.5 mlPiccolo
31.7%
3.0 L / 4.5 LJeroboam
29.4%
3.0 LDouble Magnum
22.5%
15.0 LNebuchadnezzar
20.2%
6.0 LMethuselah
16.9%
Size Bottle Name % Correct
12.0 LBalthazar
15.9%
4.5 LRehoboam
11%
6.0 LImperial
10.6%
20.0 LSolomon
9.9%
18.0 LMelchior
8.9%
9.0 LSalmanazar
8.8%
25.0 LSovereign
8%
2.25 LMarie-Jeanne
7.1%

From the Vault

Pin the Election Year

by zigga

History 12m
Do you like Ike?
Remove Ads.
Support Sporcle.
Get the best of Sporcle when you Go Orange. This ad-free experience offers more features, more stats, and more fun while also helping to support Sporcle. Thank you for becoming a member.

Show Comments

Extras

Top Quizzes Today


Score Distribution

Your Account Isn't Verified!

In order to create a playlist on Sporcle, you need to verify the email address you used during registration. Go to your Sporcle Settings to finish the process.

Report this User

Report this user for behavior that violates our Community Guidelines.

Details: